000 00550cam a2200181 4500500
005 20260329004336.0
041 _afre
042 _adc
100 1 0 _aPortevin, Catherine
_eauthor
245 0 0 _aPendant que j’y pense / Été 2019
260 _c2019.
500 _a46
690 _aCanada
690 _aCatherine Portevin
690 _aMorale
786 0 _nPhilosophie magazine | 131 | 7 | 2019-07-01 | p. 36-37 | 1951-1787
856 4 1 _uhttps://shs.cairn.info/magazine-philosophie-magazine-2019-7-page-36?lang=fr&redirect-ssocas=7080
999 _c1832988
_d1832988